Zápas o otvorenú spoločnost : Úvahy a eseje /

Guardado en:
Detalles Bibliográficos
Autor principal: Markuš, Štefan (Autor)
Formato: Libro
Lenguaje:eslovaco
Publicado: Bratislava : Ústav polymérov SAV v Bratislave, 1997
Edición:1.vyd.
Materias:
Etiquetas: Agregar Etiqueta
Sin Etiquetas, Sea el primero en etiquetar este registro!

MARC

LEADER 00000nam a22000003a 4500
001 stu10074
005 20150617225804.9
008 970819s1997----xo------------------slo-d
020 |a 80-88780-14-4 
040 |a STU  |b slo 
041 0 |a slo 
044 |a xo 
080 |a 304(437.6) 
100 1 |a Markuš, Štefan  |4 aut 
245 1 |a Zápas o otvorenú spoločnost :  |b Úvahy a eseje /  |c [aut.] Markuš,řtefan 
250 |a 1.vyd. 
260 |a Bratislava :  |b Ústav polymérov SAV v Bratislave,  |c 1997 
300 |a 207 s 
650 7 |a Slovensko  |2 stusub 
650 7 |a spoločensko-politické problémy  |2 stusub 
650 7 |a vedy spoločenské  |2 stusub 
996 |b 284AU00408  |c A*2995 U  |l AAKNAR  |s A  |a 24  |w stu10074_0001